<<A>> szellemi ablaknyitás visszfényei az olvasói tömegtáplálékot egyre inkább a bulvársajtó termékei jelentik

Bibliographic Details
Main Author: Kiss, Jozef, 1944-2013 (Author)
Format: Article
Language:Hungarian
Subjects:

MARC

LEADER 00000nab a2200000 a 4500
001 vtls000876740
003 SK-MaSNL
005 20260319075141.0
008 160322c2004 xo 0 hun
015 |a SNBRB2004/06-19293 
035 |a CLN000228292 
040 |a SNKBUCL  |b slo  |c SNKBUCL  |e AACR2 
041 0 |a hun 
044 |a xo  |c SK 
080 |a 655.413(=511.141)(437.6)(091)  |2 UDC-MRF-SK2 
080 |a 929 Prager, Eugen  |2 UDC-MRF-SK2 
100 1 |a Kiss, Jozef,  |d 1944-2013  |4 aut  |9 101780 
245 1 0 |a <<A>> szellemi ablaknyitás visszfényei  |b az olvasói tömegtáplálékot egyre inkább a bulvársajtó termékei jelentik  |c Kiss József 
600 1 7 |a Prager, Eugen  |d 1894-1967  |2 snkbucl  |9 860997 
610 7 |a Prager (vydavateľstvo : Bratislava, Slovensko)  |2 snkbucl  |9 860998 
655 7 |a články z novín a časopisov  |2 snkbucl  |9 267496 
773 0 |t Új szó  |g Roč. 57, č. 121 (27.5.2004), s. 7 
850 |a Slovenská národná knižnica v Martine 
852 |a SNK  |b KIS3GCP 
958 |a SK 
958 |a HU 
958 |a BX 
958 |a RBX 
999 |c 1378889  |d 1380819